Improving schools through action research : A comprehensive guide for educators

Sparad:
Bibliografiska uppgifter
Huvudupphovsman: Hendricks, Cher
Materialtyp: Bok
Språk:Undetermined
Publicerad: Boston Pearson 2006
Ämnen:
Taggar: Lägg till en tagg
Inga taggar, Lägg till första taggen!
Thư viện lưu trữ: Trung tâm Học liệu Trường Đại học Cần Thơ
LEADER 00604nam a2200217Ia 4500
001 CTU_117450
008 210402s9999 xx 000 0 und d
020 |c 28.22 
082 |a 370.7 
082 |b H498 
100 |a Hendricks, Cher 
245 0 |a Improving schools through action research : 
245 2 |b A comprehensive guide for educators 
245 0 |c Cher Hendricks 
260 |a Boston 
260 |b Pearson 
260 |c 2006 
650 |a Action research in education 
650 |x Handbooks, manuals, etc 
904 |i Tuyến 
980 |a Trung tâm Học liệu Trường Đại học Cần Thơ